000 00492nam a22001815i 4500
001 171611
003 ES-MaACL
005 20230906214657.0
008 090522s1946 sp |||| | spa d
100 1 _aSoldevila, Carles.
_9107110
245 1 0 _aHistorias barcelonesas /
_cCarlos Soldevila.
260 _a[Barcelona] :
_bDelfos,
_c1946.
300 _a188 p. ;
_c18 cm.
490 1 _aDelfos
830 0 _aDelfos
_9223189
852 _aES-MaACL
_jB-10488
_9R.22341
999 _c171611
_d171611